LEADER 01178nam a2200289 i 4500 001 000000113592 003 CaOOAMICUS 005 20081021120730.0 008 081021s2007 it b 000 0 ita r 020 $a88-8333-126-5 040 $aPUL$bita$dLDB 100 1 $aLombo, José Angel.$0(OLS)http://pul/name/70073 245 10$aAntropologia filosofica :$buna introduzione /$cJosé Angel Lombo, Francesco Russo. 250 $a2. ed. riv. e corretta. 260 $aRoma :$bEDUSC,$c2007. 300 $a314 p. ;$c21 cm. 490 1 $aFilosofia e realtà 504 $aBibliografia in nota. 650 14$aAntropologia filosofica.$0(OLS)http://pul/subject/676 700 1 $aRusso, Francesco,$d1958-$0(OLS)http://pul/name/70072 830 0$aFilosofia e realtà.$0(OLS)http://pul/title/18008 850 $aPUL 852 $aPUL$W1$xSL Filosofia 3$y81$m128 LOMJO 1$j129787$qDDC 21$B128843$CPULBib$Z2$F128843 $H108446 $82 941 1 $a9 996 $6020$a88-8333-126-5$9(OLS)http://pul/number/138925 996 $6245$aAntropologia filosofica :$buna introduzione$9(OLS)http://pul/title/142729 996 $6260$aRoma :$bEDUSC$9(OLS)http://pul/publisher/79480 LEADER 01282nam a2200301 u 4500 001 000000080290 003 CaOOAMICUS 005 20070226123630.0 008 040709r20021927enk u000 u eng u 020 $a0415295750 035 $a11003761 040 $aPUL$bita 100 1 $aPaton, Herbert James,$d1887-$0(OLS)http://pul/name/53527 245 14$aThe Good Will :$ba study in the coherence theory of goodness /$cby H. J. Paton. 260 $aLondon :$bRoutledge,$c2002. 300 $a448 p. ;$c23 cm 490 1 $aMuirhead library of philosophy.$aEthics ;$v10 500 $aContiene indici. 500 $aRistampa anastatica dell'ediz. London, 1927. 504 $aBibliografia in nota. 650 4$aEtica e filosofia.$0(OLS)http://pul/subject/23761 830 0$aMuirhead library of philosophy (Routledge).$pEthics ;$v10.$0(OLS)http://pul/title/105147 850 $aPUL 852 $aPUL$W1$xSL Filosofia 1$y2$m81 N 3.10$j102555$nBK-PRI$b $qStampati$B102555$CPULBib$Z2$F102555 $HPUL95706 $81 941 1 $a8 996 $6020$a0415295750$9(OLS)http://pul/number/106085 996 $6245$aThe Good Will :$ba study in the coherence theory of goodness$9(OLS)http://pul/title/105164 996 $6260$aLondon :$bRoutledge$9(OLS)http://pul/publisher/67032